000
00308nam a2200133Ia 4500
008
231129s1966||||xx |||||||||||||| ||spa||
040
_b
spa
082
_a
194 M564
100
_a
Merleau-Ponty Maurice
245
0
_a
Lo visible y lo invisible
260
_c
1966
264
_a
Seix Barral
942
_2
ddc
_c
BKS
999
_c
19411
_d
19411